Quizzes
Events
Quiz Creation
Community
Videos
Private Events
Remove Ads
Sign In
Join for FREE
Feedback
Dark Mode
Quiz Categories
Sports
Geography
Music
Movies
Television
Just For Fun
Miscellaneous
History
Literature
Language
Science
Gaming
Entertainment
Religion
Holiday
For Kids
Quiz Lab
Recent
Popular Today
Quiz Kudos Today
Editor Picks
Curator Picks
Quizzes by...
Day
Popularity
Type
Ratings
Length
Year
Community
Subscriptions
Recent Discussions
Orange Saloon
Badges
Playlists
Quests
Create
Leaderboards
Showdown
Live 5
Trivia Bingo
Activity
Puzzle Library
Sporcle Events
Private Events
Virtual Trivia
Globe League
Become a Host
Pub Owners
SporcleCon
Opinionation
Our Games
Videos
Blog
Mobile Apps
Partnerships
Remove Ads and Go Orange
Feedback
Sports
Athletes
MLB
NBA
NHL
NFL
Soccer
Sports Teams
WWE
NCAA
Football
Premier League
Basketball
Baseball
Hockey
Golf
Tennis
Cricket
Rugby
Auto Racing
Olympics
World Cup
Sports
Athletes
MLB
NBA
NHL
NFL
Soccer
Sports Teams
WWE
NCAA
Football
Premier League
Basketball
Baseball
Hockey
Golf
Tennis
Cricket
Rugby
Auto Racing
Olympics
World Cup
Random Quiz
Search Sporcle
×
Quiz Lab
Quiz Lab
Sports
Tennis
Type in answers that appear in a list
Type in answers that appear in a list
Classic
Best Score? Go Orange.
Name Roger Federer's 2017 opponents Stats
Can you name Roger Federer's 2017 opponents?
By
rajdeep1494
10m
50 Questions
255 Plays
255 Plays
255 Plays
Comments
Comments
Give Quiz Kudos
Give Quiz Kudos
-
- Ratings
hide this ad
More Info
Replay
Link that replays current quiz
Next Quiz
Link to next quiz in quiz playlist
You Got
0%
They Got
Avg Score
66%
Avg Friend Score
Upgrade to see
Score Distribution
Jump to the score distribution portion of the page
Score
0/50
Timer
10:00
0
Plays Today
Hint
Answer
% Correct
Australian Open Final
Rafael Nadal
99.2%
Indian Wells Round 4
Rafael Nadal
99.2%
Miami Final
Rafael Nadal
99.2%
Shanghai Final
Rafael Nadal
99.2%
Wimbledon Final
Marin Cilic
93.7%
Australian Open Semifinals
Stan Wawrinka
92.9%
Indian Wells Final
Stan Wawrinka
92.8%
Australian Open Quarter-
Finals
Mischa Zverev
91.7%
Wimbledon 3rd round
Mischa Zverev
91.7%
Montreal Final
Alexander Zverev
91.6%
Halle 3rd Round
Mischa Zverev
91.6%
Halle Final
Alexander Zverev
91.6%
Australian Open 3rd round
Tomas Berdych
90.5%
Wimbledon Semifinals
Tomas Berdych
90.5%
Miami Quarter-
Finals
Tomas Berdych
90.4%
Australian Open 4th round
Kei Nishikori
89.3%
Wimbledon Quarter-
Finals
Milos Raonic
83.8%
Wimbledon 4th round
Grigor Dimitrov
79.8%
Stuttgart 2nd Round
Tommy Haas
77.9%
Indian Wells Quarter-
Finals
Nick Kyrgios
76.3%
Miami Semifinals
Nick Kyrgios
76.3%
US Open Quarter-
Finals
Juan Martin Del Potro
71.9%
Miami 3rd Round
Juan Martin Del Potro
71.5%
Shanghai Semifinals
Juan Martin Del Potro
71.5%
Indian Wells Semifinals
Jack Sock
70.7%
Hint
Answer
% Correct
US Open 1st round
Frances Tiafoe
69.2%
Miami 2nd Round
Frances Tiafoe
68.7%
Shanghai 3rd Round
Richard Gasquet
65.5%
US Open 3rd round
Feliciano Lopez
58.9%
Montreal 3rd Round
David Ferrer
57.8%
Wimbledon 1st round
Alexander Dolgopolov
56.1%
Shanghai Quarter-
Finals
Alexander Dolgopolov
55.8%
US Open 4th round
Philipp Kohlschreiber
55.7%
US Open 2nd round
Mikhail Youzhny
55.3%
Australian Open 1st round
Jurgen Melzer
54.2%
Dubai 3rd Round
Evgeny Donskoy
53.8%
Miami 4th Round
Roberto Bautista Agut
50.6%
Montreal Quarter-
Finals
Roberto Bautista Agut
50.6%
Dubai 2nd Round
Benoit Paire
50.6%
Indian Wells Round 3
Steve Johnson
45%
Montreal Semifinals
Robin Haase
44.2%
Australian Open 2nd round
Noah Rubin
43.1%
Wimbledon 2nd round
Dusan Lajovic
39.9%
Halle Quarter-
Finals
Florian Mayer
38.6%
32.1%
Halle Semifinals
Karen Khachanov
29.7%
Indian Wells Round 2
Stephane Robert
26.5%
Shangai 2nd Round
Diego Schwartzman
24.9%
Halle 2nd Round
Yuichi Sugita
21.3%
Montreal 2ndRound
Peter Polansky
17.3%
Quiz Playlist
Details
Report
Send in Message
Add To Playlist
More Info:
Name all of Roger Federer's opponents right up till Basel.
Classic:
Type in answers that appear in a list
Last Updated: Oct 27, 2017
Quiz Scoreboard
CHALLENGE
Sign Up to Join the Scoreboard
Show All
Scores
Hide
Comments
May contain spoilers
Recently Published
Click the 1999 NBA Draft
by nibperrychub
Sports
2m
Alphabetical 'K' Countries by Flag Minefield
by ylime102
Geography
3m
Pick 6: Fruits
by JohnFran
Miscellaneous
15s
More to Explore
Quiz From the Vault
Featured Blog Post
15 Basketball Trivia Facts You Can Be March Mad About
hide this ad
You Might Also Like...
Tags
Tennis Quiz
Australian Open
Grand Slam
Roger Federer
US Open
Wimbledon
Today's Top Quizzes in Sports
Browse Sports
hide this ad
Today's Top Quizzes in Tennis
Browse Tennis
Top Contributed Quizzes in Sports
1
Don't Strike Out: 3000 Strikeouts
2
MLB 2 truths and a lie: Hall of Fame pitchers
3
Pick 6: NFL Teams
4
Criteria MLB: Left Handed Sluggers
5
MLB Players with Two .350 Batting Average Seasons
6
2022 World Cup Stars
7
Les joueurs à 100 buts en Ligue 1 Uber Eats
8
Millionaire: NBA Finals Edition
9
Pick 6: Minor League Baseball
10
Last 10 Members of the 500 HR Club in Order
Explore More
Trending Topics
Harry Potter
Kpop
Crossword
Marvel
NBA
Anime
Disney
NFL
Puzzle
Pokémon
WWE
Soccer
Country
The Office
Song
hide this ad
More By:
rajdeep1494
Quiz
Plays
Rating
Category
Featured
Created
Virat Kohli ODI centuries (Cities)
665
5.00
Sports
Nov 5, 2017
Indian cricket Test captains
521
Sports
Nov 7, 2017
Name Roger Federer's 2017 opponents
255
Sports
Oct 26, 2017
Go to Creator's Profile
Score Distribution
Quiz Creator Spotlight
rajdeep1494
Follow
Send a Message
Quizzes Created
-
Created Quiz Play Count
-
More By This Creator
Popular Quizzes Today
1
Find the US States - No Outlines Minefield
2
Countries of Asia Without Outlines Minefield
3
Pick 6: Fruits
4
The Countries of the World
5
Alphabetical 'K' Countries by Flag Minefield
6
Click the 1999 NBA Draft
7
Find the US States
8
Match the Book to the Film X
More Sports Quizzes
Bundesliga Winners XIs 2001-2010
Quiz Lab
Trending Quizzes
Pick 6: Harry Potter
Pick 6: Mountains
Pick 6: NFL Teams
Pick 6: Movie Franchises
Pick 6: Golfers
Recently Updated
Women's Final Four Teams by Year
bhenderson79
Presidents Quartet II
eogle
Anything But Clue(do)
eogle
Anything But Oceanian Capitals
eogle
Anything But 7
eogle
Anything But Thing
eogle
Word Ladder: February 29
pecheneg
Song Title Questions
pecheneg
Women's NCAA Tournament #1 Seeds
pecheneg
Celebrity Mug Shots
pecheneg
Trending Topics
Disney
Anime
Marvel
NBA
Kpop
Harry Potter
Crossword
Country
Puzzle
Soccer
WWE
NFL
Song
The Office
Pokémon
Your Account Isn't Verified!
In order to create a playlist on Sporcle, you need to verify the email address you used during registration. Go to your
Sporcle Settings
to finish the process.
Report this User
Report this user for behavior that violates our
Community Guidelines
.
Details:
Send Report
Go to the Sporcle.com Mobile Site →
Comments